000 00261nam a22001217a 4500
003 SGT
082 _a342.097300264,SCC
245 _aTHE SUPREME COURT CASES
260 _aLUCKNOW
_bEASTERN BOOKS
_c2012
300 _aV.P.
653 _aCOURT CASES
942 _2ddc
_cBK
999 _c9633
_d9633